| 000 | 00987nam a2200301 i 4500 | ||
|---|---|---|---|
| 001 | 000043628 | ||
| 003 | DO-SdBNP | ||
| 005 | 20231010105148.0 | ||
| 007 | ta | ||
| 008 | 140331s1970 sp 000 0 spa d | ||
| 040 |
_aDO-SdBNP _bspa _cBNPHU _erda |
||
| 082 | 4 |
_a867.3 _bQ5o _bG613t _222 |
|
| 100 | 1 |
_aQuevedo, Francisco de, _d1580-1645 _96261 _eautor |
|
| 245 | 1 | 0 |
_aObras satíricas y festivas / _cFrancisco de Quevedo; prólogo J. Enrique García Melero. |
| 260 |
_aMadrid : _bLibra, _c1970. |
||
| 300 |
_a183 páginas ; _c17 cm. |
||
| 336 |
_2rdacontent _atexto _btxt |
||
| 337 |
_2rdamedia _asin mediación _bn |
||
| 338 |
_2rdacarrier _avolumen _bnc |
||
| 490 |
_aPurpura _v25 |
||
| 590 | _aInventariado, 2023/BT | ||
| 650 | 4 |
_aSátira española _ySiglo XVIII _971460 |
|
| 650 | 4 |
_aLiteratura española _ySiglo XVII _915578 |
|
| 650 | 4 |
_aHumorismo español _ySiglo XVII _915844 |
|
| 700 | 1 |
_aGarcía Melero, J. Enrique, _eprologo _948168 |
|
| 910 | _aBtavárez | ||
| 942 |
_2ddc _cLBS1 |
||
| 999 |
_c43117 _d43117 |
||